| 000 | 00861nam a2200265 a 4500 | ||
|---|---|---|---|
| 001 | BRL_515 | ||
| 005 | 20190320210758.0 | ||
| 008 | 260813s1983----mx-a######---#000-0#spa-# | ||
| 041 | _aspa | ||
| 044 | _amx | ||
| 050 | 4 |
_aF1435.3.A7 _b.P5 1983 |
|
| 100 | 1 |
_aPiña Chan, Roman _9819 |
|
| 245 | 1 | 0 |
_aArte maya, selva y mar _bYaxchilán, Bonampak, Jaina, Edzna, Cobá, Tulum _cRoman Piña Chan, Geroge E. Stuart; prólogo Antonio Enríquez Savignac |
| 260 |
_aMéxico _bEditora del Sureste _c1983 |
||
| 300 |
_a287 p. _bil. (algunas a color) _c31 cm. |
||
| 440 | 0 |
_aArte y paisaje maya _924160 |
|
| 500 | _aAu544 | ||
| 500 | _aBibliografía: p.282-285 | ||
| 500 | _aIncluye dedicatoria a Ruth Lechuga. | ||
| 650 | 1 | 4 |
_aArte maya _9621 |
| 700 | 1 |
_aStuart, Geroge E. _924161 |
|
| 700 | 1 |
_aEnríquez Savignac, Antonio _924162 |
|
| 902 | _aGRL | ||
| 942 |
_2lcc _cB |
||
| 999 |
_c9327 _d9327 |
||